000 00753nam a2200265Ia 4500
005 20260121170912.0
008 008 260114s9999 xx 000 0 eng d
020 _a9783319980447
037 _aEBOOK
040 _aCRL
040 _beng
040 _cCRL
041 _2eng
041 _aeng
084 _qCRL
100 _aStratos Papadimitriou, Dimitrios V. Lyridis, Ioannis G. Koliousis, Vangelis Tsioumas, Eleftherios Sdoukopoulos, Peter J. Stavroulakis
_91069577
245 4 _aThe Dynamics of Short Sea Shipping
260 _bSpringer
260 _bSpringer
260 _c2018
856 _uhttps://link.springer.com/openurl?genre=book&isbn=978-3-319-98044-7
942 _cEBOOK
999 _c1635307
_d1635307